000 00607nam a2200205 a 4500
005 20221019063514.0
008 030218s1995 mx r 000 0 spa d
020 _a8433106589
035 _aUPN01000122012
049 _aCG
050 4 _aPC4143
_bM4.2 1995
100 1 _aMesanza López, Jesús
_929310
245 1 0 _aCómo escribir bien :
_bortografía y temas afines /
_cJesús Mesanza López.
250 _a2a ed.
260 _aMadrid :
_bEscuela Española,
_c[1995]
300 _a276 p. :
_bil.
650 7 _aEspañol
_xOrtografía
_xEstudio y enseñanza
_2
_917785
902 _aMMA/gsm
905 _aLibro
999 _c94214
_d94214